UNESCO world heritage sites in Europe - Statistics

General Stats
  • This quiz has been taken 113 times
  • The average score is 26 of 29
Answer Stats
Picture Answer % Correct
France
100%
Italy
100%
United Kingdom
100%
Greece
96%
Portugal
96%
Austria
94%
Belgium
94%
Croatia
94%
Norway
94%
Spain
94%
Romania
92%
Russia
92%
Switzerland
92%
Bulgaria
90%
Ireland
90%
Estonia
89%
Germany
89%
Latvia
89%
Poland
89%
Iceland
87%
Lithuania
87%
Hungary
86%
Slovenia
86%
Sweden
86%
The Netherlands
86%
Czech Republic
83%
Finland
83%
Serbia
79%
Ukraine
72%
No matching quizzes found
Score Distribution
Percent of People with Each Score
Percentile by Number Answered
Your Score History
You have not taken this quiz